Fault Detectability in Dwdm: (Record no. 609611)

000 -LEADER
fixed length control field 00404nam a22001337a 4500
020 ## - INTERNATIONAL STANDARD BOOK NUMBER
International Standard Book Number 0780360443
040 ## - CATALOGING SOURCE
Transcribing agency NUST
082 ## - DEWEY DECIMAL CLASSIFICATION NUMBER
Classification number 621.3827
Author Mark KRA
100 ## - MAIN ENTRY--PERSONAL NAME
Personal name Kartalopoulos ,Stamatios .V
9 (RLIN) 55545
245 ## - TITLE STATEMENT
Title Fault Detectability in Dwdm:
Remainder of title Toward Higher Signal Quality & System Reliability
260 ## - PUBLICATION, DISTRIBUTION, ETC.
Place of publication, distribution, etc. New York:
Name of publisher, distributor, etc. IEEE Press,
Date of publication, distribution, etc. 2001.
650 ## - SUBJECT ADDED ENTRY--TOPICAL TERM
Topical term or geographic name entry element Fault Detectability in Dwdm
9 (RLIN) 123410
942 ## - ADDED ENTRY ELEMENTS (KOHA)
Source of classification or shelving scheme
Koha item type Book
Holdings
Withdrawn status Lost status Source of classification or shelving scheme Damaged status Not for loan Permanent Location Current Location Shelving location Date acquired Total Checkouts Full call number Barcode Date last seen Price effective from Koha item type
          College of Electrical & Mechanical Engineering (CEME) College of Electrical & Mechanical Engineering (CEME) General Stacks 06/10/2024   621.3827 KRA CEME- 42818 06/10/2024 06/10/2024 Book
© 2023 Central Library, National University of Sciences and Technology. All Rights Reserved.